| 000 | 00789cam a2200205 a 4500 | ||
|---|---|---|---|
| 999 |
_c2620 _d2620 |
||
| 020 | _a0256161925 | ||
| 050 | 0 | 0 |
_aHG3882 _b.A67 |
| 100 | 1 | _aAppleyard, Dennis R. | |
| 245 | 1 | 0 |
_aInternational economics. _cDennis R. Appleyard, Alfred J. Field, Jr. _bPayments, exchange rates & micro policy |
| 250 | _a2nd ed. | ||
| 260 |
_aChicago : _bIrwin, _cc1995. |
||
| 300 |
_axxiii, 288 p. : _bill. ; _c26 cm. |
||
| 500 | _aincludes index | ||
| 505 | _aPart 1 Fundamentals if international monetary economics 17 Part 2 Macro economy policy in the open economy 141 Part 3 Issues in world monetary arrangements 211 INDEX 281 | ||
| 650 | 0 | _aBalance of payments. | |
| 650 | 0 | _aForeign exchange rates. | |
| 650 | 0 | _aInternational finance. | |
| 700 | 1 | _aField, Alfred J. | |
| 942 | _cBK | ||